| 000 | 004660000a22001810004500 | ||
|---|---|---|---|
| 003 | MACL | ||
| 005 | 20151003154001.0 | ||
| 008 | 151003b xxu||||| |||| 00| 0 eng d | ||
| 040 |
_aMACL _cMACL |
||
| 041 | _aEnglish | ||
| 082 | _a910/OVI | ||
| 100 |
_aRawlinson, H.G. _913524 |
||
| 245 |
_aA Voyage to Surat _bIn the Year 1689 |
||
| 260 |
_bAsian Educational Services _c1994 _aDelhi |
||
| 350 | _a265 | ||
| 650 |
_aGeography & Travels _913525 |
||
| 942 |
_cBK _k910 _2ddc |
||
| 999 |
_c3091 _d3091 |
||